ბათუმის შოთა რუსთაველის სახელმწიფო უნივერსიტეტის ბიბლიოთეკა

Агротехнические методы исследования почв (ბიბ.ჩანაწერი № 46035)

000 -LEADER
fixed length control field 00643nam a2200205Ia 4500
001 - CONTROL NUMBER
control field 12865
003 - CONTROL NUMBER IDENTIFIER
control field GE_BSU
008 - FIXED-LENGTH DATA ELEMENTS--GENERAL INFORMATION
fixed length control field 181216s||||||||xx |||||||||||||| ||und||
040 ## - CATALOGING SOURCE
Transcribing agency GE_BSU
080 ## - UNIVERSAL DECIMAL CLASSIFICATION NUMBER
Universal Decimal Classification number 631.4(076)
245 ## - TITLE STATEMENT
Title Агротехнические методы исследования почв
245 ## - TITLE STATEMENT
Statement of responsibility, etc. Отв.ред.А.В.Соколов. Д.Л.Аскинази
250 ## - EDITION STATEMENT
Edition statement 4-ое дополн.и перераб.
260 ## - PUBLICATION, DISTRIBUTION, ETC.
Place of publication, distribution, etc. Москва
260 ## - PUBLICATION, DISTRIBUTION, ETC.
Name of publisher, distributor, etc. Наука
260 ## - PUBLICATION, DISTRIBUTION, ETC.
Date of publication, distribution, etc. 1965
300 ## - PHYSICAL DESCRIPTION
Extent 436p.илл.20cm.
653 ## - INDEX TERM--UNCONTROLLED
Uncontrolled term Агротехнические методы исследования почв
942 ## - ADDED ENTRY ELEMENTS (KOHA)
Koha item type წიგნი
ეგზემპლარები
Withdrawn status Lost status Damaged status Not for loan Date acquired Barcode Date last seen Price effective from Koha item type
        2018-12-17 21022 2018-12-17 2018-12-17 წიგნი